Statistiques concernant Le sport en G

Cliquez ici pour prendre le quiz!

Statistiques générales

  • Ce quiz a été pris 418 fois
  • Le résultat moyen est 7 sur 15

Statistiques - réponses

IndiceRéponse% Correct
Les quatre au tennis ont lieu en Australie, en France, au Royaume-Uni et aux États-UnisGrand Chelem
88%
Ville française qui fut l'hôte des Jeux Olympiques d'hiver de 1968Grenoble
88%
Aux Olympiques, elle peut être rythmique ou artistiqueGymnastique
88%
Le nom donné au Tour d'Italie en cyclismeGiro
81%
Le hockey et le soccer en ont, mais le tennis et le golf n'en ont pasGardien
59%
Ville italienne dont le club de soccer a remporté six des sept premières saisons du Championnat d'ItalieGênes
57%
Joueuse de tennis allemande ayant remporté 107 titres en simple dans sa carrièreSteffi Graf
51%
Un sport interdit aux femmes selon la signification populaire du sigle qui forme son nomGolf
38%
Pilote français né en Suisse ayant grimpé sur le podium en Formule 1 à dix reprisesRomain Grosjean
37%
Ville américaine accueillant les parties locales des Packers dans la NFLGreen Bay
26%
La détentrice des records du monde au 100m et 200m en athlétismeFlorence Griffith-Joyner
17%
Nom de l'équipe de baseball située dans la ville de San FranciscoGiants
15%
Célèbre station de ski allemandeGarmisch-Partenkirchen
14%
Il détient plusieurs records dans la LNH, dont le nombre de points et de buts dans sa carrièreWayne Gretzky
14%
Premier vainqueur du Tour de France en 1903Maurice Garin
13%

Distribution des résultats

Percentile par nombre de réponses

% des personnes avec chaque résultat

Votre développement - résultats

Vous n’avez pas pris ce quiz